Catálogo de la colección de tesis, 1827-1917 /
Guardado en:
| Autor Corporativo: | |
|---|---|
| Formato: | Libro |
| Publicado: |
Buenos Aires :
Facultad De Ciencias Médicas-biblioteca,
1918.
|
| Materias: | |
| Etiquetas: |
Agregar Etiqueta
Sin Etiquetas, Sea el primero en etiquetar este registro!
|
| LEADER | 00614nam a22001815a 4500 | ||
|---|---|---|---|
| 001 | EHU.bham026113 | ||
| 008 | 130507s1918##################000#0#####d | ||
| 005 | 20220824123432.0 | ||
| 245 | 1 | 0 | |a Catálogo de la colección de tesis, 1827-1917 / |c Universidad de Buenos Aires. |
| 260 | |a Buenos Aires : |b Facultad De Ciencias Médicas-biblioteca, |c 1918. | ||
| 300 | |a 492 p. | ||
| 110 | 2 | |a Universidad de Buenos Aires. | |
| 082 | 0 | 1 | |a 011.7 C28 |
| 653 | |a Tesis | ||
| 653 | |a Medicina | ||
| 653 | |a Catálogos | ||
| 653 | |a Universidad de Buenos Aires-bibliografia | ||
| 859 | |a AR-BHAM |b BIB. HUMANIDADES - General |h 011.7 |i C28 |p 701.03 |t Ej.1 | ||
